Nebe, peklo, poezie : reformace z různých stran /

Další autoři: Jaluška, Matouš, 1985-
Jazyk: Čeština
Vydáno: Praha : Ústav pro českou literaturu AV ČR, v.v.i., 2019
Vydání: První vydání
Témata:
Fyzický popis: 198 stran ; 21 cm
Language note: Anglické resumé
Knihy
Uloženo v:
LEADER 02895nam a2200793 i 4500
001 nkc20203170325
003 CZ PrNK
005 20200226101902.0
007 ta
008 200109s2019 xr f 001 0dcze
015 |a cnb003170325 
020 |a 978-80-88069-88-1  |q (brožováno) 
035 |a (OCoLC)1143793924 
040 |a ABA001  |b cze  |e rda 
041 0 |a cze  |b eng 
043 |a e------ 
045 |a t-t- 
072 7 |a 821.09  |x Literatura v různých jazycích (o ní)  |2 Konspekt  |9 11 
080 |a 821(4)  |2 MRF 
080 |a 82:7.04  |2 MRF 
080 |a 274.5-1/-9  |2 MRF 
080 |a 2-312.6-584.5  |2 MRF 
080 |a 27-423.79  |2 MRF 
080 |a 159.942.5  |2 MRF 
080 |a 27-188.7  |2 MRF 
080 |a 27-188.5  |2 MRF 
080 |a 82:2-1  |2 MRF 
080 |a 82.07  |2 MRF 
080 |a (4)  |2 MRF 
080 |a (048.8:082)  |2 MRF 
245 0 0 |a Nebe, peklo, poezie :  |b reformace z různých stran /  |c Matouš Jaluška (ed.) 
250 |a První vydání 
264 1 |a Praha :  |b Ústav pro českou literaturu AV ČR, v.v.i.,  |c 2019 
300 |a 198 stran ;  |c 21 cm 
336 |a text  |b txt  |2 rdacontent 
337 |a bez média  |b n  |2 rdamedia 
338 |a svazek  |b nc  |2 rdacarrier 
504 |a Obsahuje bibliografii, bibliografické odkazy a rejstřík 
546 |a Anglické resumé 
648 7 |a 16. století  |7 ch460554  |2 czenas 
650 0 7 |a evropská literatura  |7 ph120062  |y 16. století  |2 czenas 
650 0 7 |a literární náměty  |7 ph138213  |z Evropa  |y 16. století  |2 czenas 
650 0 7 |a luterské učení  |7 ph203891  |2 czenas 
650 0 7 |a vnitřní konverze (náboženství)  |7 ph127150  |2 czenas 
650 0 7 |a naděje  |7 ph123158  |2 czenas 
650 0 7 |a zoufalství  |7 ph127672  |2 czenas 
650 0 7 |a peklo  |7 ph124022  |2 czenas 
650 0 7 |a nebe  |7 ph138468  |2 czenas 
650 0 7 |a literatura a náboženství  |7 ph122369  |z Evropa  |y 16. století  |2 czenas 
650 0 7 |a interpretace a přijetí literárního díla  |7 ph137145  |2 czenas 
650 0 9 |a European literature  |y 16th century  |2 eczenas 
650 0 9 |a literary themes  |z Europe  |y 16th century  |2 eczenas 
650 0 9 |a Lutheran doctrine  |2 eczenas 
650 0 9 |a interior conversion  |2 eczenas 
650 0 9 |a hope  |2 eczenas 
650 0 9 |a despair  |2 eczenas 
650 0 9 |a hell  |2 eczenas 
650 0 9 |a heaven  |2 eczenas 
650 0 9 |a literature and religion  |z Europe  |y 16th century  |2 eczenas 
650 0 9 |a interpretation and reception of literature  |2 eczenas 
655 7 |a kolektivní monografie  |7 fd501537  |2 czenas 
655 9 |a collective monographs  |2 eczenas 
700 1 |a Jaluška, Matouš,  |d 1985-  |7 xx0185821  |4 edt 
910 2 |a BOA001  |b 2-1441.618 
990 |a BK 
995 |a 01 
991 |b 202001  |c NOV 
996 6 |b 2610811926  |c 2-1441.618  |l MZK  |r Sklad / do 1 hodiny  |n 0  |p p.v.  |w 001776161  |u 000010  |a 1  |e BOA001  |j MZK50  |s P 
996 7 |b 2610816560  |c 2-1441.618  |l MZK  |r Sklad / do 1 hodiny  |n 1  |p kup  |w 001776161  |u 000020  |a 1  |e BOA001  |j MZK50  |s A